Sports Quiz

Random Sports or Soccer Quiz

Most Posh UK Football Clubs Quiz Stats

 Plays Quiz Updated Nov 17, 2017

Challenge
Share
Tweet
Embed
Score 0/40 Timer 06:00
10 Plays Today
Most expensive season ticket Team % Correct
£950Manchester United
98.7%
£900Manchester City
96.3%
£2,013Arsenal
96.2%
£1,250Chelsea
96.1%
£869Liverpool
93.3%
£1,895Tottenham Hotspur
88.9%
£680Everton
82.1%
£639Newcastle United
79.5%
£1,100West Ham United
76.1%
£595Aston Villa
73.2%
£839Fulham
72.4%
£505Sunderland
70.4%
£649Queens Park Rangers
67.1%
£853Southampton
66.6%
£509West Bromwich Albion
64.8%
£587Leeds United
64.4%
£519Cardiff City
61.1%
£646Norwich City
60.9%
£690Birmingham City
60.6%
£609Stoke City
58.2%
Most expensive season ticket Team % Correct
£535Wolverhampton Wanderers
53.4%
£680Crystal Palace
53.1%
£612Hull City
48.6%
£730Leicester
48.1%
£705Sheffield Wednesday
43.1%
£559Nottingham Forest
43%
£645Derby County
41.4%
£842Ipswich Town
40.5%
£646Middlesbrough
38.1%
£580Burnley
37.1%
£650Watford
37%
£780Brighton & Hove Albion
34%
£550Charlton Athletic
30.8%
£514Millwall
27.8%
£499Brentford
22%
£560Preston North End
21.7%
£760Bournemouth
20.6%
£582Bristol City
14.7%
£500Peterborough United
13%
£530Chesterfield
3.1%

You're not logged in!

Compare scores with friends on all Sporcle quizzes.
OR
Log In

You Might Also Like...

Show Comments

Extras

Top Quizzes Today


Score Distribution

Your Account Isn't Verified!

In order to create a playlist on Sporcle, you need to verify the email address you used during registration. Go to your Sporcle Settings to finish the process.

Report this User

Report this user for behavior that violates our Community Guidelines.

Details: